ბათუმის შოთა რუსთაველის სახელმწიფო უნივერსიტეტის ბიბლიოთეკა

რკინაბეტონის კონსტრუქციების ელემენტების გაანგარიშების მაგალითები (ბიბ.ჩანაწერი № 52341)

000 -LEADER
fixed length control field 01133nam a2200241Ia 4500
001 - CONTROL NUMBER
control field 19359
003 - CONTROL NUMBER IDENTIFIER
control field GE_BSU
008 - FIXED-LENGTH DATA ELEMENTS--GENERAL INFORMATION
fixed length control field 181216s||||||||xx |||||||||||||| ||und||
040 ## - CATALOGING SOURCE
Transcribing agency GE_BSU
080 ## - UNIVERSAL DECIMAL CLASSIFICATION NUMBER
Universal Decimal Classification number 624.012.4
100 ## - MAIN ENTRY--PERSONAL NAME
Personal name ღლონტი ნ; სოხაძე ა.
245 ## - TITLE STATEMENT
Title რკინაბეტონის კონსტრუქციების ელემენტების გაანგარიშების მაგალითები
245 ## - TITLE STATEMENT
Statement of responsibility, etc. რედ:გ.კიზირია
260 ## - PUBLICATION, DISTRIBUTION, ETC.
Place of publication, distribution, etc. თბილისი
260 ## - PUBLICATION, DISTRIBUTION, ETC.
Name of publisher, distributor, etc. საქ.პოლიტ.ინ-ტი
260 ## - PUBLICATION, DISTRIBUTION, ETC.
Date of publication, distribution, etc. 1981
300 ## - PHYSICAL DESCRIPTION
Extent 155გვ. : ილ. 1 დაკ. ფ. სქემა ; 21სმ..
300 ## - PHYSICAL DESCRIPTION
Other physical details ლიტ. სია: გვ. 150 (11 სხწ)
653 ## - INDEX TERM--UNCONTROLLED
Uncontrolled term ინჟინერია
653 ## - INDEX TERM--UNCONTROLLED
Uncontrolled term რკინაბეტონის კონსტრუქციები;
653 ## - INDEX TERM--UNCONTROLLED
Uncontrolled term რკინაბეტონის კონსტრუქციების ელემენტების გაანგარიშების მაგალითები
942 ## - ADDED ENTRY ELEMENTS (KOHA)
Koha item type წიგნი
ეგზემპლარები
Withdrawn status Lost status Damaged status Not for loan Date acquired Barcode Date last seen Price effective from Koha item type
        2018-12-17 48215 2018-12-17 2018-12-17 წიგნი
        2018-12-17 48217 2018-12-17 2018-12-17 წიგნი